Rule of Three Phrases - Statistics

General Stats
  • This quiz has been taken 22 times
  • The average score is 14 of 20
Answer Stats
Hint Answer % Correct
Its a bird, its a plane... its Superman
100%
The good, the bad and... the ugly
100%
Snap, crackle and... pop
95%
See no evil, hear no evil... speak no evil
95%
Blood, sweat and... tears
95%
Bacon, lettuce... tomato
95%
Going, going... gone
89%
Hook, line and... sinker
89%
Government of the people, by the people... for the people
84%
I came, I saw... I conquered
84%
Signed, sealed... delivered
79%
Tom, Dick and... Harry
63%
Stop, look and... listen
63%
Work, rest and... play
58%
Planes, trains and... automobiles
53%
Life, liberty and the... pursuit of happiness
53%
This, that and... the other
53%
Friends, Romans... countrymen
42%
Swifter, higher... stronger
21%
Fear leads to anger, anger leads to hate... hate leads to suffering
5%
No matching quizzes found
Score Distribution
Percent of People with Each Score
Percentile by Number Answered
Your Score History
You have not taken this quiz